Normal view
MARC view
- Supervisor;Dr.Muhammad Abbas Choudhary
Entry Personal Name
001 - CONTROL NUMBER
- control field: 124520
003 - CONTROL NUMBER IDENTIFIER
- control field: NUST
005 - DATE AND TIME OF LATEST TRANSACTION
- control field: 20240715124924.0
008 - FIXED-LENGTH DATA ELEMENTS
- fixed length control field: 240715|| aca||aabn | a|a d
040 ## - CATALOGING SOURCE
- Original cataloging agency: NUST
- Transcribing agency: NUST
100 ## - HEADING--PERSONAL NAME
- Personal name: Supervisor;Dr.Muhammad Abbas Choudhary
670 ## - SOURCE DATA FOUND
- Source citation: Work cat.: (NUST)578809: Nabeel Amjad 72825, Aligning Technology Strategy with Business Strategy CASE STUDY ON PTCL/, 2012.
